A COVID-19 hatása a kultúraközvetítésre Magyarországon Keresleti és kínálati oldal elemzése budapesti és vidéki színházak összehasonlításával

Bibliográfiai részletek
Szerző: Paudits Beatrix Éva
További közreműködők: Gászné Bősz Bernadett
Dokumentumtípus: Diplomadolgozat
Kulcsszavak:Budapest és vidék
kereslet-kínálat
koronavírus-járvány (COVID-19)
kultúra
kultúraközvetítés
Online Access:http://dolgozattar.uni-bge.hu/59973

MARC

LEADER 00000nta a2200000 i 4500
001 dolg59973
005 20260409145822.0
008 260409suuuu hu om 000 hun d
040 |a BGE Dolgozattár Repozitórium  |b hun 
041 |a hu 
100 1 |a Paudits Beatrix Éva 
245 1 2 |a A COVID-19 hatása a kultúraközvetítésre Magyarországon  |b Keresleti és kínálati oldal elemzése budapesti és vidéki színházak összehasonlításával  |c Paudits Beatrix Éva  |h [elektronikus dokumentum] 
520 3 |a Szakdolgozatom a COVID-19 világjárvány kultúraközvetítésre gyakorolt hatásait vizsgálja Magyarországon, különös tekintettel a budapesti és vidéki színházak működésére. A kutatás célja, hogy feltárja azt, hogy a pandémia miként változtatta meg a hazai színházak kínálati struktúráját, programkínálatát és közönségkapcsolatait, valamint milyen eltérések figyelhetők meg a fővárosi és vidéki intézmények között. A dolgozat kvalitatív és kvantitatív módszereket egyaránt alkalmaz: esettanulmányokban elemzi hat színház tevékenységét, továbbá kérdőíves felméréssel vizsgálja a közönség elvárásait és változó szokásait. Az eredmények rávilágítanak a színházi ágazat gyors alkalmazkodási kényszerére, az online és hibrid megoldások térnyerésére, valamint a vidéki és budapesti közönség eltérő igényeire. A kutatás hozzájárul a kulturális szektor válságkezelési stratégiáinak mélyebb megértéséhez, és javaslatokat is megfogalmaz a jövőbeli kulturális fejlesztések irányaira. 
695 |a Budapest és vidék 
695 |a kereslet-kínálat 
695 |a koronavírus-járvány (COVID-19) 
695 |a kultúra 
695 |a kultúraközvetítés 
700 1 |a Gászné Bősz Bernadett  |e ths 
856 4 0 |u http://dolgozattar.uni-bge.hu/59973/1/Paudits_Beatrix_%C3%89va_A_COVID-19_hat%C3%A1sa_a_kult%C3%BArak%C3%B6zvet%C3%ADt%C3%A9sre_.pdf  |z Dokumentum-elérés 
856 4 0 |u http://dolgozattar.uni-bge.hu/59973/2/Paudits_Beatrix_%C3%89va_szakdolgozati_%C3%A9rt%C3%A9kel%C5%91_G%C3%A1szn%C3%A9%20B%C5%91sz%20Bernadett.pdf  |z Dokumentum-elérés 
856 4 0 |u http://dolgozattar.uni-bge.hu/59973/3/Paudits_Beatrix_b%C3%ADr%C3%A1lati%20lap%202025_Nagy_Andrea_Ritta.pdf  |z Dokumentum-elérés